| 000 | 00531nam a2200157 a 4500 | ||
|---|---|---|---|
| 008 | 120416s1966 ||||||||||||||||| || u | ||
| 050 | _aTA 403 Smi | ||
| 100 | _aSmith, R. C | ||
| 245 | 1 | 0 | _aMaterials of construction |
| 260 |
_aNew York: _bMcGraw-Hill _c1966 |
||
| 300 | _a(6) 378p. : ill. | ||
| 350 | _a0.00 | ||
| 650 | _aCONSTRUCTION MATERIALS | ||
| 650 | 0 | _aMATERIALS | |
| 995 |
_D0.00 _FCBU-MAIN LIBRARY (Kitwe) _H1 _I0.00 _UDAMAGED _WJun 5, 2009 _ZMain Library Open Access Collection |
||
| 999 |
_c50614 _d50614 |
||